Inter Milan Full Squad (2000-) - Statistics

General Stats
  • This quiz has been taken 1,888 times
    1,260 since last reset
  • The average score is 344 of 625
Answer Stats
Year # Pos/Country Answer % Correct
2018-2019 10 FW Lautaro Martínez
95%
2019-2020 10 FW Lautaro Martínez
95%
2020-2021 10 FW Lautaro Martínez
95%
2021-2022 10 FW Lautaro Martínez
95%
2022-2023 10 FW Lautaro Martínez
95%
2023-2024 10 FW Lautaro Martínez
95%
2024-2025 10 FW Lautaro Martínez
95%
2023-2024 1 GK Yann Sommer
93%
2024-2025 1 GK Yann Sommer
93%
2012-2013 1 GK Samir Handanovič
92%
2013-2014 1 GK Samir Handanovič
92%
2014-2015 1 GK Samir Handanovič
92%
2015-2016 1 GK Samir Handanovič
92%
2016-2017 1 GK Samir Handanovič
92%
2017-2018 1 GK Samir Handanovič
92%
2018-2019 1 GK Samir Handanovič
92%
2019-2020 1 GK Samir Handanovič
92%
2020-2021 1 GK Samir Handanovič
92%
2021-2022 1 GK Samir Handanovič
92%
2022-2023 1 GK Samir Handanovič
92%
2024-2025 13 GK Josep Martínez
91%
2019-2020 7 FW Alexis Sánchez
90%
2020-2021 7 FW Alexis Sánchez
90%
2021-2022 7 FW Alexis Sánchez
90%
2023-2024 70 FW Alexis Sánchez
90%
2021-2022 20 MF Hakan Çalhanoğlu
90%
2022-2023 20 MF Hakan Çalhanoğlu
90%
2023-2024 20 MF Hakan Çalhanoğlu
90%
2024-2025 20 MF Hakan Çalhanoğlu
90%
2023-2024 9 FW Marcus Thuram
90%
2024-2025 9 FW Marcus Thuram
90%
2019-2020 23 MF Nicolò Barella
90%
2020-2021 23 MF Nicolò Barella
90%
2021-2022 23 MF Nicolò Barella
90%
2022-2023 23 MF Nicolò Barella
90%
2023-2024 23 MF Nicolò Barella
90%
2024-2025 23 MF Nicolò Barella
90%
2021-2022 2 DF Denzel Dumfries
89%
2022-2023 2 DF Denzel Dumfries
89%
2023-2024 2 DF Denzel Dumfries
89%
2024-2025 2 DF Denzel Dumfries
89%
2019-2020 9 FW Romelu Lukaku
89%
2020-2021 9 FW Romelu Lukaku
89%
2022-2023 90 FW Romelu Lukaku
89%
2001-2002 6 MF Cristiano Zanetti
88%
2002-2003 6 MF Cristiano Zanetti
88%
2003-2004 6 MF Cristiano Zanetti
88%
2004-2005 6 MF Cristiano Zanetti
88%
2005-2006 6 MF Cristiano Zanetti
88%
2000-2001 4 DF Javier Zanetti
88%
2001-2002 4 DF Javier Zanetti
88%
2002-2003 4 DF Javier Zanetti
88%
2003-2004 4 DF Javier Zanetti
88%
2004-2005 4 DF Javier Zanetti
88%
2005-2006 4 DF Javier Zanetti
88%
2006-2007 4 DF Javier Zanetti
88%
2007-2008 4 DF Javier Zanetti
88%
2008-2009 4 DF Javier Zanetti
88%
2009-2010 4 DF Javier Zanetti
88%
2010-2011 4 DF Javier Zanetti
88%
2011-2012 4 DF Javier Zanetti
88%
2012-2013 4 DF Javier Zanetti
88%
2013-2014 4 DF Javier Zanetti
88%
2018-2019 6 DF Stefan de Vrij
88%
2019-2020 6 DF Stefan de Vrij
88%
2020-2021 6 DF Stefan de Vrij
88%
2021-2022 6 DF Stefan de Vrij
88%
2022-2023 6 DF Stefan de Vrij
88%
2023-2024 6 DF Stefan de Vrij
88%
2024-2025 6 DF Stefan de Vrij
88%
2019-2020 95 DF Alessandro Bastoni
87%
2020-2021 95 DF Alessandro Bastoni
87%
2021-2022 95 DF Alessandro Bastoni
87%
2022-2023 95 DF Alessandro Bastoni
87%
2023-2024 95 DF Alessandro Bastoni
87%
2024-2025 95 DF Alessandro Bastoni
87%
2005-2006 12 GK Júlio César
87%
2006-2007 12 GK Júlio César
87%
2007-2008 12 GK Júlio César
87%
2008-2009 12 GK Júlio César
87%
2009-2010 12 GK Júlio César
87%
2010-2011 1 GK Júlio César
87%
2011-2012 1 GK Júlio César
87%
2021-2022 9 FW Edin Džeko
86%
2022-2023 9 FW Edin Džeko
86%
2022-2023 22 MF Henrikh Mkhitaryan
86%
2023-2024 22 MF Henrikh Mkhitaryan
86%
2024-2025 22 MF Henrikh Mkhitaryan
86%
2009-2010 9 FW Samuel Eto'o
86%
2010-2011 9 FW Samuel Eto'o
86%
2006-2007 8 FW Zlatan Ibrahimović
86%
2007-2008 8 FW Zlatan Ibrahimović
86%
2008-2009 8 FW Zlatan Ibrahimović
86%
2020-2021 22 MF Arturo Vidal
85%
2021-2022 22 MF Arturo Vidal
85%
2009-2010 10 MF Wesley Sneijder
85%
2010-2011 10 MF Wesley Sneijder
85%
2011-2012 10 MF Wesley Sneijder
85%
2012-2013 10 MF Wesley Sneijder
85%
2009-2010 22 FW Diego Milito
83%
2010-2011 22 FW Diego Milito
83%
2011-2012 22 FW Diego Milito
83%
2012-2013 22 FW Diego Milito
83%
2013-2014 22 FW Diego Milito
83%
2022-2023 15 DF Francesco Acerbi
81%
2023-2024 15 DF Francesco Acerbi
81%
2024-2025 15 DF Francesco Acerbi
81%
2021-2022 32 DF Federico Dimarco
80%
2022-2023 32 DF Federico Dimarco
80%
2023-2024 32 DF Federico Dimarco
80%
2024-2025 32 DF Federico Dimarco
80%
2015-2016 44 FW Ivan Perišić
80%
2016-2017 44 FW Ivan Perišić
80%
2017-2018 44 FW Ivan Perišić
80%
2018-2019 44 FW Ivan Perišić
80%
2020-2021 14 FW Ivan Perišić
80%
2021-2022 14 FW Ivan Perišić
80%
2014-2015 77 MF Marcelo Brozović
80%
2015-2016 77 MF Marcelo Brozović
80%
2016-2017 77 MF Marcelo Brozović
80%
2017-2018 77 MF Marcelo Brozović
80%
2018-2019 77 MF Marcelo Brozović
80%
2019-2020 77 MF Marcelo Brozović
80%
2020-2021 77 MF Marcelo Brozović
80%
2021-2022 77 MF Marcelo Brozović
80%
2022-2023 77 MF Marcelo Brozović
80%
2023-2024 8 FW Marko Arnautovic
80%
2024-2025 8 FW Marko Arnautovic
80%
2017-2018 37 DF Milan Škriniar
80%
2018-2019 37 DF Milan Škriniar
80%
2019-2020 37 DF Milan Škriniar
80%
2020-2021 37 DF Milan Škriniar
80%
2021-2022 37 DF Milan Škriniar
80%
2022-2023 37 DF Milan Škriniar
80%
2024-2025 7 MF Piotr Zieliński
80%
2005-2006 7 FW Luís Figo
79%
2006-2007 7 FW Luís Figo
79%
2007-2008 7 FW Luís Figo
79%
2008-2009 7 FW Luís Figo
79%
2003-2004 11 MF Dejan Stanković
78%
2004-2005 25 MF Dejan Stanković
78%
2005-2006 5 MF Dejan Stanković
78%
2006-2007 5 MF Dejan Stanković
78%
2007-2008 5 MF Dejan Stanković
78%
2008-2009 5 MF Dejan Stanković
78%
2009-2010 5 MF Dejan Stanković
78%
2010-2011 5 MF Dejan Stanković
78%
2011-2012 5 MF Dejan Stanković
78%
2009-2010 27 FW Goran Pandev
78%
2010-2011 27 FW Goran Pandev
78%
2009-2010 6 DF Lúcio
78%
2010-2011 6 DF Lúcio
78%
2011-2012 6 DF Lúcio
78%
2007-2008 26 DF Cristian Chivu
77%
2008-2009 26 DF Cristian Chivu
77%
2009-2010 26 DF Cristian Chivu
77%
2010-2011 26 DF Cristian Chivu
77%
2011-2012 26 DF Cristian Chivu
77%
2012-2013 26 DF Cristian Chivu
77%
2013-2014 9 FW Mauro Icardi
77%
2014-2015 9 FW Mauro Icardi
77%
2015-2016 9 FW Mauro Icardi
77%
2016-2017 9 FW Mauro Icardi
77%
2017-2018 9 FW Mauro Icardi
77%
2018-2019 9 FW Mauro Icardi
77%
2022-2023 24 GK André Onana
76%
2004-2005 19 MF Esteban Cambiasso
76%
2005-2006 19 MF Esteban Cambiasso
76%
2006-2007 19 MF Esteban Cambiasso
76%
2007-2008 19 MF Esteban Cambiasso
76%
2008-2009 19 MF Esteban Cambiasso
76%
2009-2010 19 MF Esteban Cambiasso
76%
2010-2011 19 MF Esteban Cambiasso
76%
2011-2012 19 MF Esteban Cambiasso
76%
2012-2013 19 MF Esteban Cambiasso
76%
2013-2014 19 MF Esteban Cambiasso
76%
2006-2007 13 DF Maicon
76%
2007-2008 13 DF Maicon
76%
2008-2009 13 DF Maicon
76%
2009-2010 13 DF Maicon
76%
2010-2011 13 DF Maicon
76%
2011-2012 13 DF Maicon
76%
2024-2025 99 FW Mehdi Taremi
75%
2005-2006 25 DF Walter Samuel
75%
2006-2007 25 DF Walter Samuel
75%
2007-2008 25 DF Walter Samuel
75%
2008-2009 25 DF Walter Samuel
75%
2009-2010 25 DF Walter Samuel
75%
2010-2011 25 DF Walter Samuel
75%
2011-2012 25 DF Walter Samuel
75%
2012-2013 25 DF Walter Samuel
75%
2013-2014 25 DF Walter Samuel
75%
2020-2021 2 DF Achraf Hakimi
74%
2000-2001 2 DF Iván Córdoba
74%
2001-2002 2 DF Iván Córdoba
74%
2002-2003 2 DF Iván Córdoba
74%
2003-2004 2 DF Iván Córdoba
74%
2004-2005 2 DF Iván Córdoba
74%
2005-2006 2 DF Iván Córdoba
74%
2006-2007 2 DF Iván Córdoba
74%
2007-2008 2 DF Iván Córdoba
74%
2008-2009 2 DF Iván Córdoba
74%
2009-2010 2 DF Iván Córdoba
74%
2010-2011 2 DF Iván Córdoba
74%
2011-2012 2 DF Iván Córdoba
74%
2020-2021 36 DF Matteo Darmian
73%
2021-2022 36 DF Matteo Darmian
73%
2022-2023 36 DF Matteo Darmian
73%
2023-2024 36 DF Matteo Darmian
73%
2024-2025 36 DF Matteo Darmian
73%
2005-2006 31 MF César
72%
2007-2008 31 MF César
72%
2001-2002 9 FW Ronaldo
72%
2023-2024 7 MF Juan Cuadrado
71%
2001-2002 23 DF Marco Materazzi
71%
2002-2003 23 DF Marco Materazzi
71%
2003-2004 23 DF Marco Materazzi
71%
2004-2005 23 DF Marco Materazzi
71%
2005-2006 23 DF Marco Materazzi
71%
2006-2007 23 DF Marco Materazzi
71%
2007-2008 23 DF Marco Materazzi
71%
2008-2009 23 DF Marco Materazzi
71%
2009-2010 23 DF Marco Materazzi
71%
2010-2011 23 DF Marco Materazzi
71%
2021-2022 19 FW Joaquín Correa
70%
2022-2023 11 FW Joaquín Correa
70%
2024-2025 11 FW Joaquín Correa
70%
2023-2024 28 DF Benjamin Pavard
69%
2024-2025 28 DF Benjamin Pavard
69%
2015-2016 7 MF Geoffrey Kondogbia
69%
2016-2017 7 MF Geoffrey Kondogbia
69%
2010-2011 55 DF Yuto Nagatomo
69%
2011-2012 55 DF Yuto Nagatomo
69%
2012-2013 55 DF Yuto Nagatomo
69%
2013-2014 55 DF Yuto Nagatomo
69%
2014-2015 55 DF Yuto Nagatomo
69%
2015-2016 55 DF Yuto Nagatomo
69%
2016-2017 55 DF Yuto Nagatomo
69%
2017-2018 55 DF Yuto Nagatomo
69%
2001-2002 28 FW Adriano
67%
2003-2004 10 FW Adriano
67%
2004-2005 10 FW Adriano
67%
2005-2006 10 FW Adriano
67%
2006-2007 10 FW Adriano
67%
2008-2009 10 FW Adriano
67%
2019-2020 15 DF Ashley Young
67%
2020-2021 15 DF Ashley Young
67%
2001-2002 1 GK Francesco Toldo
67%
2002-2003 1 GK Francesco Toldo
67%
2003-2004 1 GK Francesco Toldo
67%
2004-2005 1 GK Francesco Toldo
67%
2005-2006 1 GK Francesco Toldo
67%
2006-2007 1 GK Francesco Toldo
67%
2007-2008 1 GK Francesco Toldo
67%
2008-2009 1 GK Francesco Toldo
67%
2009-2010 1 GK Francesco Toldo
67%
2007-2008 45 FW Mario Balotelli
67%
2008-2009 45 FW Mario Balotelli
67%
2009-2010 45 FW Mario Balotelli
67%
2023-2024 31 DF Yann Bisseck
67%
2024-2025 31 DF Yann Bisseck
67%
2019-2020 24 MF Christian Eriksen
66%
2020-2021 24 MF Christian Eriksen
66%
2002-2003 9 FW Hernán Crespo
66%
2006-2007 18 FW Hernán Crespo
66%
2007-2008 18 FW Hernán Crespo
66%
2008-2009 18 FW Hernán Crespo
66%
2012-2013 10 MF Mateo Kovacic
66%
2013-2014 10 MF Mateo Kovacic
66%
2014-2015 10 MF Mateo Kovacic
66%
2020-2021 11 DF Aleksandar Kolarov
64%
2021-2022 11 DF Aleksandar Kolarov
64%
2023-2024 16 MF Davide Frattesi
64%
2024-2025 16 MF Davide Frattesi
64%
2022-2023 14 MF Kristjan Asllani
64%
2023-2024 21 MF Kristjan Asllani
64%
2024-2025 21 MF Kristjan Asllani
64%
2019-2020 2 DF Diego Godín
63%
2017-2018 11 MF Matías Vecino
63%
2018-2019 8 MF Matías Vecino
63%
2019-2020 8 MF Matías Vecino
63%
2020-2021 8 MF Matías Vecino
63%
2021-2022 8 MF Matías Vecino
63%
2006-2007 14 MF Patrick Vieira
63%
2007-2008 14 MF Patrick Vieira
63%
2008-2009 14 MF Patrick Vieira
63%
2009-2010 14 MF Patrick Vieira
63%
2012-2013 8 FW Rodrigo Palacio
63%
2013-2014 8 FW Rodrigo Palacio
63%
2014-2015 8 FW Rodrigo Palacio
63%
2015-2016 8 FW Rodrigo Palacio
63%
2016-2017 8 FW Rodrigo Palacio
63%
2008-2009 20 MF Sulley Muntari
63%
2009-2010 11 MF Sulley Muntari
63%
2010-2011 11 MF Sulley Muntari
63%
2018-2019 18 MF Kwadwo Asamoah
61%
2019-2020 18 MF Kwadwo Asamoah
61%
2021-2022 18 DF Robin Gosens
60%
2022-2023 8 DF Robin Gosens
60%
2023-2024 30 DF Carlos Augusto
59%
2024-2025 30 DF Carlos Augusto
59%
2000-2001 32 FW Christian Vieri
59%
2001-2002 32 FW Christian Vieri
59%
2002-2003 32 FW Christian Vieri
59%
2003-2004 32 FW Christian Vieri
59%
2004-2005 32 FW Christian Vieri
59%
2018-2019 14 MF Radja Nainggolan
59%
2020-2021 44 MF Radja Nainggolan
59%
2014-2015 18 DF Gary Medel
57%
2015-2016 17 DF Gary Medel
57%
2016-2017 17 DF Gary Medel
57%
2015-2016 10 FW Stevan Jovetić
57%
2011-2012 9 FW Diego Forlán
56%
2008-2009 77 FW Ricardo Quaresma
56%
2009-2010 7 FW Ricardo Quaresma
56%
2016-2017 5 MF Roberto Gagliardini
56%
2017-2018 5 MF Roberto Gagliardini
56%
2018-2019 5 MF Roberto Gagliardini
56%
2019-2020 5 MF Roberto Gagliardini
56%
2020-2021 5 MF Roberto Gagliardini
56%
2021-2022 5 MF Roberto Gagliardini
56%
2022-2023 5 MF Roberto Gagliardini
56%
2013-2014 33 DF Danilo D'Ambrosio
55%
2014-2015 33 DF Danilo D'Ambrosio
55%
2015-2016 33 DF Danilo D'Ambrosio
55%
2016-2017 33 DF Danilo D'Ambrosio
55%
2017-2018 33 DF Danilo D'Ambrosio
55%
2018-2019 33 DF Danilo D'Ambrosio
55%
2019-2020 33 DF Danilo D'Ambrosio
55%
2020-2021 33 DF Danilo D'Ambrosio
55%
2021-2022 33 DF Danilo D'Ambrosio
55%
2022-2023 33 DF Danilo D'Ambrosio
55%
2015-2016 25 DF Miranda
55%
2016-2017 25 DF Miranda
55%
2017-2018 25 DF Miranda
55%
2018-2019 23 DF Miranda
55%
2024-2025 59 MF Nicola Zalewski
55%
2011-2012 14 MF Fredy Guarín
54%
2012-2013 14 MF Fredy Guarín
54%
2013-2014 13 MF Fredy Guarín
54%
2014-2015 13 MF Fredy Guarín
54%
2015-2016 13 MF Fredy Guarín
54%
2002-2003 30 FW Obafemi Martins
54%
2003-2004 30 FW Obafemi Martins
54%
2004-2005 30 FW Obafemi Martins
54%
2005-2006 30 FW Obafemi Martins
54%
2017-2018 7 DF João Cancelo
53%
2023-2024 17 FW Tajon Buchanan
53%
2024-2025 17 FW Tajon Buchanan
53%
2000-2001 10 MF Clarence Seedorf
52%
2001-2002 10 MF Clarence Seedorf
52%
2009-2010 8 MF Thiago Motta
52%
2010-2011 8 MF Thiago Motta
52%
2011-2012 8 MF Thiago Motta
52%
2000-2001 20 FW Álvaro Recoba
51%
2001-2002 20 FW Álvaro Recoba
51%
2002-2003 20 FW Álvaro Recoba
51%
2003-2004 20 FW Álvaro Recoba
51%
2004-2005 20 FW Álvaro Recoba
51%
2005-2006 20 FW Álvaro Recoba
51%
2006-2007 20 FW Álvaro Recoba
51%
2020-2021 97 GK Andrei Radu
51%
2021-2022 97 GK Andrei Radu
51%
2014-2015 15 DF Nemanja Vidic‎
51%
2017-2018 20 MF Borja Valero
50%
2018-2019 20 MF Borja Valero
50%
2019-2020 20 MF Borja Valero
50%
2003-2004 9 FW Julio Cruz
50%
2004-2005 9 FW Julio Cruz
50%
2005-2006 9 FW Julio Cruz
50%
2006-2007 9 FW Julio Cruz
50%
2007-2008 9 FW Julio Cruz
50%
2008-2009 9 FW Julio Cruz
50%
2016-2017 87 MF Antonio Candreva
49%
2017-2018 87 MF Antonio Candreva
49%
2018-2019 87 MF Antonio Candreva
49%
2019-2020 87 MF Antonio Candreva
49%
2016-2017 6 FW João Mário
49%
2017-2018 10 FW João Mário
49%
2018-2019 15 FW João Mário
49%
2010-2011 15 DF Andrea Ranocchia
48%
2011-2012 23 DF Andrea Ranocchia
48%
2012-2013 23 DF Andrea Ranocchia
48%
2013-2014 23 DF Andrea Ranocchia
48%
2014-2015 23 DF Andrea Ranocchia
48%
2015-2016 23 DF Andrea Ranocchia
48%
2016-2017 13 DF Andrea Ranocchia
48%
2017-2018 13 DF Andrea Ranocchia
48%
2018-2019 13 DF Andrea Ranocchia
48%
2019-2020 13 DF Andrea Ranocchia
48%
2020-2021 13 DF Andrea Ranocchia
48%
2021-2022 13 DF Andrea Ranocchia
48%
2012-2013 99 FW Antonio Cassano
46%
2012-2013 40 DF Juan Jesus
46%
2013-2014 5 DF Juan Jesus
46%
2014-2015 5 DF Juan Jesus
46%
2015-2016 5 DF Juan Jesus
46%
2019-2020 11 FW Victor Moses
45%
2019-2020 12 MF Stefano Sensi
44%
2020-2021 12 MF Stefano Sensi
44%
2021-2022 12 MF Stefano Sensi
44%
2023-2024 5 MF Stefano Sensi
44%
2011-2012 18 MF Andrea Poli
43%
2000-2001 18 FW Iván Zamorano
43%
2014-2015 11 FW Lukas Podolski
43%
2018-2019 2 DF Sime Vrsaljko
43%
2004-2005 14 MF Juan Sebastián Verón
42%
2005-2006 14 MF Juan Sebastián Verón
42%
2006-2007 6 DF Maxwell
42%
2007-2008 6 DF Maxwell
42%
2008-2009 6 DF Maxwell
42%
2015-2016 24 DF Jeison Murillo
41%
2016-2017 24 DF Jeison Murillo
41%
2018-2019 70 FW Sebastiano Esposito
41%
2014-2015 91 MF Xherdan Shaqiri
41%
2002-2003 13 DF Fabio Cannavaro
40%
2003-2004 17 DF Fabio Cannavaro
40%
2010-2011 7 FW Giampaolo Pazzini
40%
2011-2012 7 FW Giampaolo Pazzini
40%
2010-2011 29 MF Philippe Coutinho
40%
2011-2012 29 MF Philippe Coutinho
40%
2012-2013 7 MF Philippe Coutinho
40%
2011-2012 11 MF Ricardo Álvarez
40%
2012-2013 11 MF Ricardo Álvarez
40%
2013-2014 11 MF Ricardo Álvarez
40%
2001-2002 33 MF Emre Belözoğlu
39%
2002-2003 5 MF Emre Belözoğlu
39%
2003-2004 5 MF Emre Belözoğlu
39%
2004-2005 5 MF Emre Belözoğlu
39%
2024-2025 42 DF Tomás Palacios
39%
2008-2009 39 DF Davide Santon
38%
2009-2010 39 DF Davide Santon
38%
2010-2011 39 DF Davide Santon
38%
2014-2015 21 DF Davide Santon
38%
2015-2016 21 DF Davide Santon
38%
2016-2017 21 DF Davide Santon
38%
2017-2018 21 DF Davide Santon
38%
2018-2019 16 FW Matteo Politano
38%
2019-2020 16 FW Matteo Politano
38%
2004-2005 3 DF Nicolás Burdisso
38%
2005-2006 3 DF Nicolás Burdisso
38%
2006-2007 3 DF Nicolás Burdisso
38%
2007-2008 16 DF Nicolás Burdisso
38%
2008-2009 16 DF Nicolás Burdisso
38%
2006-2007 11 DF Fabio Grosso
37%
2013-2014 88 MF Hernanes
37%
2014-2015 88 MF Hernanes
37%
2018-2019 11 FW Keita Baldé
37%
2000-2001 1 GK Sébastien Frey
37%
2007-2008 29 FW David Suazo
35%
2009-2010 18 FW David Suazo
35%
2012-2013 31 DF Álvaro Pereira
34%
2013-2014 31 DF Álvaro Pereira
34%
2023-2024 14 MF Davy Klaassen
34%
2004-2005 8 MF Edgar Davids
33%
2023-2024 77 GK Emil Audero
33%
2015-2016 83 MF Felipe Melo
33%
2016-2017 5 MF Felipe Melo
33%
2000-2001 54 FW Hakan Şükür
33%
2010-2011 88 FW Jonathan Biabiany
33%
2015-2016 11 FW Jonathan Biabiany
33%
2000-2001 7 FW Robbie Keane
33%
2000-2001 5 DF Laurent Blanc
32%
2009-2010 17 MF McDonald Mariga
32%
2010-2011 17 MF McDonald Mariga
32%
2016-2017 96 FW Gabriel Barbosa
31%
2003-2004 18 MF Kily González
31%
2004-2005 18 MF Kily González
31%
2005-2006 18 MF Kily González
31%
2017-2018 2 DF Lisandro López
31%
2023-2024 12 GK Raffaele Di Gennaro
31%
2004-2005 11 DF Siniša Mihajlović
31%
2005-2006 11 DF Siniša Mihajlović
31%
2012-2013 17 MF Zdravko Kuzmanovic
31%
2013-2014 17 MF Zdravko Kuzmanovic
31%
2014-2015 17 MF Zdravko Kuzmanovic
31%
2015-2016 23 FW Éder
30%
2016-2017 23 FW Éder
30%
2017-2018 23 FW Éder
30%
2011-2012 20 MF Joel Obi
30%
2014-2015 20 MF Joel Obi
30%
2011-2012 42 DF Jonathan
30%
2012-2013 42 DF Jonathan
30%
2013-2014 2 DF Jonathan
30%
2006-2007 51 DF Leonardo Bonucci
30%
2008-2009 33 FW Mancini
30%
2009-2010 30 FW Mancini
30%
2001-2002 3 FW Mohamed Kallon
30%
2002-2003 3 FW Mohamed Kallon
30%
2006-2007 91 FW Mariano González
29%
2013-2014 35 DF Rolando
29%
2001-2002 7 FW Sérgio Conceição
29%
2002-2003 7 FW Sérgio Conceição
29%
2017-2018 99 FW Andrea Pinamonti
28%
2020-2021 99 FW Andrea Pinamonti
28%
2003-2004 7 FW Andy van der Meyde
28%
2004-2005 7 FW Andy van der Meyde
28%
2002-2003 67 DF Francesco Coco
28%
2004-2005 77 DF Francesco Coco
28%
2013-2014 14 DF Hugo Campagnaro
28%
2014-2015 14 DF Hugo Campagnaro
28%
2013-2014 30 GK Juan Pablo Carrizo
28%
2014-2015 30 GK Juan Pablo Carrizo
28%
2015-2016 30 GK Juan Pablo Carrizo
28%
2016-2017 30 GK Juan Pablo Carrizo
28%
2012-2013 21 MF Walter Gargano
28%
2017-2018 27 GK Daniele Padelli
27%
2018-2019 27 GK Daniele Padelli
27%
2019-2020 27 GK Daniele Padelli
27%
2020-2021 27 GK Daniele Padelli
27%
2000-2001 13 DF Dario Simic
27%
2001-2002 13 DF Dario Simic
27%
2005-2006 8 MF David Pizarro
27%
2014-2015 22 DF Dodô
27%
2003-2004 19 MF Georgios Karagounis
27%
2004-2005 21 MF Georgios Karagounis
27%
2013-2014 7 FW Ishak Belfodil
27%
2015-2016 22 MF Adem Ljajić
26%
2002-2003 19 FW Gabriel Batistuta
26%
2006-2007 15 MF Olivier Dacourt
26%
2007-2008 15 MF Olivier Dacourt
26%
2017-2018 29 DF Dalbert
25%
2018-2019 29 DF Dalbert
25%
2015-2016 97 FW Rey Manaj
25%
2013-2014 21 MF Saphir Taïder
25%
2017-2018 46 GK Tommaso Berni
25%
2022-2023 45 MF Valentín Carboni
25%
2015-2016 12 DF Alex Telles
24%
2000-2001 14 MF Luigi Di Biagio
24%
2001-2002 14 MF Luigi Di Biagio
24%
2002-2003 14 MF Luigi Di Biagio
24%
2005-2006 21 MF Santiago Solari
24%
2006-2007 21 MF Santiago Solari
24%
2007-2008 21 MF Santiago Solari
24%
2019-2020 19 MF Valentino Lazaro
24%
2016-2017 19 MF Éver Banega
23%
2010-2011 12 GK Luca Castellazzi
23%
2011-2012 12 GK Luca Castellazzi
23%
2015-2016 14 DF Martín Montoya
23%
2018-2019 21 DF Cédric Soares
22%
2019-2020 34 DF Cristiano Biraghi
22%
2014-2015 7 FW Daniel Osvaldo
22%
2004-2005 16 DF Giuseppe Favalli
22%
2005-2006 16 DF Giuseppe Favalli
22%
2005-2006 49 DF Marco Andreolli
22%
2006-2007 77 DF Marco Andreolli
22%
2013-2014 6 DF Marco Andreolli
22%
2014-2015 6 DF Marco Andreolli
22%
2016-2017 2 DF Marco Andreolli
22%
2017-2018 8 MF Rafinha
22%
2021-2022 48 FW Martín Satriano
21%
2011-2012 28 FW Mauro Zárate
21%
2003-2004 13 DF Thomas Helveg
21%
2012-2013 18 FW Tommaso Rocchi
21%
2000-2001 24 DF Vratislav Gresko
21%
2001-2002 24 DF Vratislav Gresko
21%
2012-2013 7 MF Ezequiel Schelotto
20%
2022-2023 12 MF Raoul Bellanova
20%
2014-2015 90 MF Yann M'Vila
20%
2022-2023 21 GK Alex Cordaz
19%
2010-2011 14 MF Houssine Kharja
19%
2001-2002 78 FW Nicola Ventola
19%
2015-2016 27 MF Assane Demoya Gnoukouri
18%
2016-2017 27 MF Assane Demoya Gnoukouri
18%
2000-2001 15 MF Benoît Cauet
18%
2016-2017 15 DF Cristian Ansaldi
18%
2012-2013 16 MF Gaby Mudingayi
18%
2012-2013 6 DF Matías Silvestre
18%
2000-2001 18 MF Stéphane Dalmat
18%
2001-2002 18 MF Stéphane Dalmat
18%
2002-2003 18 MF Stéphane Dalmat
18%
2017-2018 17 FW Yann Karamoh
18%
2007-2008 11 MF Luis Jiménez
17%
2001-2002 77 MF Okan Buruk
17%
2002-2003 22 MF Okan Buruk
17%
2007-2008 30 MF Pelé
17%
2002-2003 15 DF Daniele Adani
16%
2003-2004 15 DF Daniele Adani
16%
2000-2001 31 MF Javier Farinós
16%
2001-2002 8 MF Javier Farinós
16%
2003-2004 14 MF Javier Farinós
16%
2002-2003 25 MF Matías Almeyda
16%
2003-2004 25 MF Matías Almeyda
16%
2007-2008 24 DF Nelson Rivas
16%
2008-2009 24 DF Nelson Rivas
16%
2005-2006 33 DF Pierre Womé
16%
2001-2002 11 MF Andrés Guglielminpietro
15%
2002-2003 11 MF Andrés Guglielminpietro
15%
2004-2005 15 GK Fabián Carini
15%
2001-2002 12 GK Alberto Fontana
14%
2003-2004 12 GK Alberto Fontana
14%
2004-2005 12 GK Alberto Fontana
14%
2001-2002 21 DF Grigoris Georgatos
14%
2013-2014 20 MF Rubén Botta
14%
2016-2017 95 DF Senna Miangue
14%
2008-2009 21 FW Victor Obinna
14%
2004-2005 13 DF Zé Maria
14%
2005-2006 13 DF Zé Maria
14%
2000-2001 8 MF Vladimir Jugović
13%
2002-2003 24 DF Carlos Gamarra
12%
2003-2004 24 DF Carlos Gamarra
12%
2000-2001 23 MF Cristian Brocchi
12%
2014-2015 25 DF Ibrahima Mbaye
12%
2000-2001 25 MF Vampeta
12%
2002-2003 10 MF Domenico Morfeo
11%
2012-2013 24 MF Marco Benassi
11%
2022-2023 46 DF Mattia Zanotti
11%
2011-2012 37 DF Davide Faraoni
9%
2001-2002 31 DF Nelson Vivas
9%
2002-2003 31 DF Nelson Vivas
9%
2003-2004 8 MF Sabri Lamouchi
9%
2006-2007 50 MF Ibrahim Maaroufi
8%
2000-2001 22 GK Marco Ballotta
8%
2002-2003 26 MF Giovanni Pasquale
7%
2003-2004 26 MF Giovanni Pasquale
7%
2001-2002 16 DF Gonzalo Sorondo
7%
2003-2004 31 DF Jérémie Bréchet
7%
2000-2001 21 DF Matteo Ferrari
7%
2000-2001 6 DF Michele Serena
7%
2000-2001 30 DF Bruno Cirillo
6%
2000-2001 3 DF Fabio Macellari
6%
2009-2010 29 DF Giulio Donati
6%
2000-2001 11 FW Marco Ferrante
5%
2018-2019 68 FW Davide Merola
4%
2017-2018 89 GK Marco Pissardo
3%
No matching quizzes found
Score Distribution
Percent of People with Each Score
Percentile by Number Answered
Your Score History
You have not taken this quiz since the last reset